| 000 | 00376nam a2200157Ia 4500 | ||
|---|---|---|---|
| 008 | 210430s9999 xx 000 0 und d | ||
| 020 | _a6/6/11 | ||
| 082 | _a342.0095491 J253 P | ||
| 245 | _aM P Jain | ||
| 250 | _a1072p | ||
| 260 | _aNational Book Foundation | ||
| 300 | _aPrinciples of Administrative Law | ||
| 650 | _aIslamabad | ||
| 856 | _uBK | ||
| 942 |
_cGEN _2ddc |
||
| 999 |
_c562197 _d562197 |
||